000 00757nam a2200253Ia 4500
003 OSt
005 20221005083942.0
006 a|||||r|||| 00| 0
007 ta
008 221004b |||||||| |||| 00| 0 eng d
020 _a9780300180831 (pbk)
_c994.86
024 _a2488
037 _b36596, 04/01/2013, Segment Book Distributors
_cTextual
040 _aCRL
_cCRL
_beng
041 _2eng
_aeng
082 _aO111:g, Q2
100 _aFry Paul H.
245 0 _aTheory of literature
260 _aNew Haven
_bYale University Press U.S.A
_c2012
300 _axii, 384p.
_ccm.
650 _aENGLISH LITERATURE
942 _hO111:g, Q2
_cTEXL
_2cc
999 _c991814
_d991814